000 00673nam a2200265Ia 4500
005 20260121165750.0
008 008 260114s9999 xx 000 0 eng d
020 _a9783319580081
037 _aEBOOK
040 _aCRL
040 _beng
040 _cCRL
041 _2eng
041 _aeng
084 _qCRL
100 _aCarrie M. Brown, Uwe P. Gielen, Judith L. Gibbons, Judy Kuriansky
_91055761
245 0 _aWomen's Evolving Lives
260 _bSpringer
260 _bSpringer
260 _c2017
856 _uhttps://link.springer.com/openurl?genre=book&isbn=978-3-319-58008-1
942 _cEBOOK
999 _c1621489
_d1621489